000 00313nam a2200109Ia 4500
008 220204s9999 xx 000 0 und d
082 _a004
_bRAD
100 _aRadhakrishnan, S
245 0 _aPresident Radhakrishnan's speeches and writings, May 1964-67
260 _aIndia
_bPublications Division
_c1969
942 _cBK
999 _c37698
_d37698